Proceso contencioso de Diego de la Cruz, presbítero en la villa de Santa Olalla, contra Juan Pérez Calderón, sobre la capellanía instituida por Diego Díez de Alvarado, y sentencia dada en este caso

Detalles Bibliográficos
Formato: Libro
Publicado: s.l., s.f.
Materias:
Colección:Banco de datos
Acervo:Biblioteca Palafoxiana. Colección de Manuscritos
Descripción Física:4 f. ; 31 x 21 cm.
Tema general:Eclesiástica
LEADER 00507nam a22001330004500
035 |a 996 
245 1 0 |a Proceso contencioso de Diego de la Cruz, presbítero en la villa de Santa Olalla, contra Juan Pérez Calderón, sobre la capellanía instituida por Diego Díez de Alvarado, y sentencia dada en este caso 
260 |a s.l., s.f. 
300 |a 4 f. ; 31 x 21 cm. 
650 1 0 |a Eclesiástica 
949 |a 19844/011 
942 |c PALAMANU 
943 |g Biblioteca Palafoxiana. Colección de Manuscritos 
999 |c 1068941  |d 1068941